000 01391nam0a2200349 4500
001 RU\NLR\bibl\1424482
005 20260405072136.0
010 _a978-5-9573-1955-9
_920000
021 _aRU
_b2009-66571
_94100
035 _a(nilc)RSL-KNO-004374234
035 _a(NLR Aleph) 001416411
090 _a1314897
_c1314897
100 _a20090820d2009 |||y0rusy50 ca
101 0 _arus
102 _aRU
105 _aa |||||||||
200 1 _aПолный школьный курс
_eсправочное пособие
_e[русский язык, математика, чтение, природоведение, рисование]
_e1-4 классы
_f[Э.В. Соколова и др.]
210 _aСанкт-Петербург
_cВесь
_d2009
215 _a541, [3] с.
_cил.
_d27
320 _aБиблиогр.: с. 142-143, 373-378
606 1 _aСправочники для школьников
_91670094
_3RU\NLR\auth\661039505
686 _aЧ426я29
_2rubbk
686 _aШ9:Я29(2)
_2rubbk
686 _aШ9
_bЯ2
702 1 _4220
_8rus
_7ca
_aСоколова
_bЭ.В.
_cучитель русского языка
_3RU\NLR\AUTH\7724850
_97900
801 0 _aRU
_bРГБ
_c20090820
_grcr
801 1 _aRU
_bРГБ
_c20090820
801 2 _aRU
_bNLR
_c20091015
_grcr
942 _cBOOK
980 _aNB